| 000 | 00389nam a2200157Ia 4500 | ||
|---|---|---|---|
| 008 | 210716s1993 xx 000 0 und d | ||
| 020 | _a8170292271 | ||
| 041 | _aeng | ||
| 082 | _a005.133 STER | ||
| 100 | _aStevens, Roger T. | ||
| 245 | _aAdvanced fractal programming in c. | ||
| 250 | _a1 | ||
| 260 |
_aNew Delhi _bBPB Publications _c1993 |
||
| 300 | _a305 | ||
| 650 | _aC Programming | ||
| 999 |
_c182809 _d182809 |
||